000 00695nam a2200217Ia 4500
003 IN-BaIIA
008 211028s9999 xx 000 0 eng d
040 _cIIA Library
080 _a681.3
_bBUR
100 _aBurnett-Hall, D. G.
_94202
245 0 _aComputer programming and autocodes
_cD. G. Burnett-Hall, L. A. G. Dresel and P. A. Samet
260 _aLondon
_bThe English Universities Press
_c1964
300 _aviii, 106p.
490 _aApplied mathematics series
650 _aComputer programming
_94203
650 _aComputers
_92283
650 _aNASA thesaurus
700 _aDresel, L. A. G.
_94204
700 _aSamet, P. A.
_94205
942 _cBK
999 _c2346
_d2346